<?xml version="1.0" encoding="UTF-8"?>
<record
    xmlns:xsi="http://www.w3.org/2001/XMLSchema-instance"
    xsi:schemaLocation="http://www.loc.gov/MARC21/slim http://www.loc.gov/standards/marcxml/schema/MARC21slim.xsd"
    xmlns="http://www.loc.gov/MARC21/slim">

  <leader>00506cam0a220018100 4500</leader>
  <controlfield tag="001">tmp15938659</controlfield>
  <controlfield tag="003">UPRA</controlfield>
  <controlfield tag="005">20190822105850.0</controlfield>
  <controlfield tag="008">951114s1977    xx                  eng u</controlfield>
  <datafield tag="035" ind1=" " ind2=" ">
    <subfield code="a">(Sirsi) r50502</subfield>
  </datafield>
  <datafield tag="035" ind1=" " ind2=" ">
    <subfield code="a">(UPRA)tmp15938659</subfield>
  </datafield>
  <datafield tag="040" ind1=" " ind2=" ">
    <subfield code="c">UPRA</subfield>
  </datafield>
  <datafield tag="100" ind1="1" ind2=" ">
    <subfield code="a">Uyterhoeven, Hogo E. R.</subfield>
    <subfield code="6">A8425.1</subfield>
  </datafield>
  <datafield tag="245" ind1="1" ind2="0">
    <subfield code="a">Strategy and organizations test and cases in general management.</subfield>
  </datafield>
  <datafield tag="260" ind1=" " ind2=" ">
    <subfield code="c">1977.</subfield>
  </datafield>
  <datafield tag="949" ind1=" " ind2=" ">
    <subfield code="a">HD31</subfield>
    <subfield code="w">lcc</subfield>
    <subfield code="i">33729005764357</subfield>
    <subfield code="m">MAIN</subfield>
    <subfield code="p">5000</subfield>
    <subfield code="t">BOOK</subfield>
    <subfield code="l">ON-SHELF</subfield>
  </datafield>
  <controlfield tag="004">50502</controlfield>
  <datafield tag="999" ind1=" " ind2=" ">
    <subfield code="c">131581</subfield>
    <subfield code="d">131581</subfield>
  </datafield>
</record>
